000 00525nam a2200193Ia 4500
005 20260429112155.0
008 260429s9999||||xx |||||||||||||| ||und||
020 _a9781635503777
041 _aEnglish
082 _a616.85
_bLEV
100 _aLevey, Sandra
245 0 _aIntroduction to language development /
_cSandra Levey
250 _a3rd ed.
260 _aSan Diego :
_bPlural Publishing,
_c2024.
300 _axv, 317 p.; pbk
650 _a Language acquisition
650 _aLanguage development
942 _cTB
999 _c52727
_d52727